Central Library OPAC University of Rajshahi

বঙ্গ ভঙ্গ / (Record no. 78290)

MARC details
000 -LEADER
fixed length control field 00843nam a2200217 a 4500
001 - CONTROL NUMBER
control field 78290
003 - CONTROL NUMBER IDENTIFIER
rucl marc code BD-RjUL
005 - DATE AND TIME OF LATEST TRANSACTION
control field 20211209083119.0
008 - FIXED-LENGTH DATA ELEMENTS--GENERAL INFORMATION
fixed length control field 210902s1968 ii ||||| |||| 00| 0 ben d
035 ## - SYSTEM CONTROL NUMBER
System control number (BD-RjUL)78516
040 ## - CATALOGING SOURCE
Original cataloging agency BD-RjUL
Language of cataloging eng
Transcribing agency BD-RjUL
041 ## - LANGUAGE CODE
Language code of text/sound track or separate title ben
082 ## - DEWEY DECIMAL CLASSIFICATION NUMBER
Edition number 23
Classification number 954.14035
Author mark and year GUB 1968
100 ## - MAIN ENTRY--PERSONAL NAME
Personal name গুপ্ত, সমুদ্র
9 (RLIN) 247374
245 ## - TITLE STATEMENT
Title বঙ্গ ভঙ্গ /
Statement of responsibility, etc. সমুদ্র গুপ্ত
260 ## - PUBLICATION, DISTRIBUTION, ETC. (IMPRINT)
Place of publication, distribution, etc. কলিকাতা :
Name of publisher, distributor, etc. আনন্দধারা প্রকাশন,
Date of publication, distribution, etc. ১৯৬৮
300 ## - PHYSICAL DESCRIPTION
Pagination ৩৯৫ পৃ.;
Size ২২ সেমি.
650 ## - SUBJECT ADDED ENTRY--TOPICAL TERM
Topical term or geographic name as entry element বেঙ্গল (ইন্ডিয়া)
General subdivision হিস্ট্রি
-- পার্টিশন,
Chronological subdivision ১৯০৫
9 (RLIN) 247375
Topical term or geographic name as entry element Bengal (India)
General subdivision History
-- Partition,
Chronological subdivision 1905.
9 (RLIN) 247376
942 ## - ADDED ENTRY ELEMENTS (KOHA)
Source of classification or shelving scheme Dewey Decimal Classification
Koha item type Books
Holdings
Lost status Source of classification or shelving scheme Damaged status Not for loan Collection code Permanent Location Current Location Shelving location Date acquired Source of acquisition Cost, normal purchase price Total Checkouts Full call number Date last seen Copy number Koha item type
  Dewey Decimal Classification   Not For Loan Non-fiction Central Library, University of Rajshahi Central Library, University of Rajshahi Reading Room 05/09/2021 India International 12.50   B 954.14035 GUB 1968 05/09/2021 C-1 Books